• 首页
  • 本馆介绍
  • 公告通知
  • 最新文献
  • 馆藏检索
  • 电子资源
  • 读者导购
  • 参考咨询
  • 我的图书馆
  • 登录
  • 详细信息显示
  • 放入我的书架
  • 预约/预借图书
  • 作者相关作品
  • 分类相关作品
  • 丛书相关作品
  • 出版社相关作品

书目信息

  • 表格格式
  • 工作单格式
  • 卡片格式
题名:
开车就这几招
    
 
作者: 胡琦 , 周玉静 编著
分册:  
出版信息: 北京   首都经济贸易大学出版社  2005
页数: 184页
开本: 21cm
丛书名:
单 册:
中图分类: U471.1
科图分类:
主题词: 汽车--保养--基本知识 , 汽车 , 汽车--驾驶术--基本知识 , 驾驶术
电子资源:
ISBN: 7-5638-1171-0
000 00866nam0 2200265 450
001 002829460
005 20061107103010.37
010    @a7-5638-1171-0@dCNY12.00
100    @a20050221d2005 em y0chiy0110 ea
101 0  @achi
102    @aCN@b110000
105    @aa z 000yy
200 1  @a开车就这几招@9kai che jiu zhe ji zhao@f胡琦,周玉静编著
210    @a北京@c首都经济贸易大学出版社@d2005
215    @a184页@c图@d21cm
330    @a本书分驾驶秘籍、维修保养、装饰美容三方面,内容包括:“初次上路,临行前要做些什么准备工作”、“机油尺要勤查吗”、“汽车美容从洗车开始”等知识。
606 0  @a汽车@x保养@x基本知识
606 0  @a汽车
606 0  @a汽车@x驾驶术@x基本知识
606 0  @a驾驶术
690    @aU471.1@v4
701  0 @a胡琦@9hu qi@c(汽车驾驶)@4编著
701  0 @a周玉静@9zhou yu jing@4编著
801  0 @aCN@bNLC@c20061107
905    @a10447@dU471.1@e140
    
    开车就这几招/胡琦,周玉静编著.-北京:首都经济贸易大学出版社,2005
    184页:图;21cm
    
    
    ISBN 7-5638-1171-0:CNY12.00
    本书分驾驶秘籍、维修保养、装饰美容三方面,内容包括:“初次上路,临行前要做些什么准备工作”、“机油尺要勤查吗”、“汽车美容从洗车开始”等知识。
●
相关链接 在E读中查询图书 在五车中查询图书 在当当中查询图书 在豆瓣中查询图书


正题名:开车就这几招     索取号:U471.1/140         预约/预借

序号 登录号 条形码 馆藏地/架位号 状态 备注
1 0382341   203823416   第二样本阅览室/ [索取号:U471.1/140] 在馆    
2 0382342   203823425   第三借阅区/ [索取号:U471.1/140] 在馆    
3 0382343   203823434   第三借阅区/ [索取号:U471.1/140] 在馆    
4 0382344   203823443   第三借阅区/ [索取号:U471.1/140] 在馆    
5 0382345   203823452   第三借阅区/ [索取号:U471.1/140] 在馆    
唐山师范学院图书馆 欢迎您!
大连网信软件有限公司© 版权所有